[Event "Mediterranean-ch 13th"]
[Site "Platja d'Aro"]
[Date "2023.11.05"]
[Round "3"]
[White "Delbos, Jean Louis"]
[Black "Lunin Bohomolets, Iliia"]
[Result "0-1"]
[WhiteElo "1581"]
[BlackElo "1718"]
[PlyCount "58"]
[EventDate "2023.11.04"]
[EventType "swiss"]
[EventRounds "9"]
[EventCountry "ESP"]
[SourceTitle "CB46_2023"]
[SourceDate "2023.11.15"]
[SourceVersion "1"]
[SourceVersionDate "2023.11.15"]
[SourceQuality "1"]

1. e4 c5 2. d4 cxd4 3. c3 d5 4. Qa4+ Bd7 5. Qxd4 dxe4 6. Qxe4 Bc6 7. Qc2 Nf6 8. Bf4 Nbd7 9. Nd2 e5 10. Bg5 Bc5 11. Ne2 Bxf2+ 12. Kxf2 Ng4+ 13. Kg1 Qxg5 14. Qd3 Nc5 15. h4 Qf6 16. Qg3 h5 17. b4 0-0-0 18. bxc5 Rxd2 19. Qe1 Rhd8 20. Rh3 g6 21. Nd4 exd4 22. Qxd2 dxc3 23. Qxc3 Qf2+ 24. Kh1 Rd2 25. Rg3 Rc2 26. Qd3 Rd2 27. Qc3 Be4 28. c6 bxc6 29. Rb1 Bxb1 0-1